Obálka Náhled e-knihy:
PDF Epub
Pro půjčování e-knih musíte být přihlášeni.
Jak si půjčit online?

Zápisník alkoholičky /

Složitost cesty od závislosti na alkoholu k normálnímu životu popsala mladá autorka v autobiografickém románu založeném na svém úspěšném blogu, který získal cenu Magnesia Litera.

Uloženo v:
Série:Zápisník alkoholičky, část 1
Hlavní autor: Duffková, Michaela, 1992- (Autor)
Médium: E-kniha
Jazyk:Czech
Vydáno: Praha : Motto, 2020
Vydání:Vydání první
Témata:
Příbuzné jednotky:Z cyklu:: Zápisník alkoholičky
Tagy:
Žádné tagy
LEADER 03265nam a2200721 i 4500
001 311130
003 CZ PrSKC
005 20260601215700.0
007 ta
008 200203s2020 xr a g 000 jacze
015 |a cnb003174248 
020 |a 9788026717072  |q (vázáno) 
035 |a (OCoLC)1199989317 
040 |a BOA001  |b cze  |e rda 
043 |a e-xr--- 
045 |a y-y- 
072 7 |a 821.162.3-3  |x Česká próza  |2 Konspekt 
072 7 |a 929  |x Biografie  |2 Konspekt 
080 |a 821.162.3-32  |2 MRF 
080 |a 004.774.6-055.2  |2 MRF 
080 |a 316.344.6-056.83-055.2  |2 MRF 
080 |a 364.692:[663.51:615.015.6]  |2 MRF 
080 |a 615.851:613.81  |2 MRF 
080 |a 929  |2 MRF 
080 |a (437.3)  |2 MRF 
080 |a (0:82-322.6)  |2 MRF 
080 |a (0.034.2)004.774.6  |2 MRF 
080 |a (093.3)  |2 MRF 
100 1 |a Duffková, Michaela,  |d 1992-  |7 xx0244531  |4 aut 
245 1 0 |a Zápisník alkoholičky /  |c Michaela Duffková 
250 |a Vydání první 
264 1 |a Praha :  |b Motto,  |c 2020 
300 |a 243 stran :  |b ilustrace ;  |c 21 cm 
336 |a text  |b txt  |2 rdacontent 
337 |a bez média  |b n  |2 rdamedia 
338 |a svazek  |b nc  |2 rdacarrier 
520 2 |a Složitost cesty od závislosti na alkoholu k normálnímu životu popsala mladá autorka v autobiografickém románu založeném na svém úspěšném blogu, který získal cenu Magnesia Litera.  |b Syrový román, jehož největšími plusy jsou otevřenost a upřímnost autorky, dokumentuje komplikovaný boj mladé ženy se závislostí na alkoholu. Inspirující osobní příběh ženy a zároveň matky, která dokázala povstat ze životního dna a v současnosti pracuje v centru prevence a léčby závislosti na alkoholu. 
600 1 7 |a Duffková, Michaela,  |d 1992-  |7 xx0244531  |2 czenas 
648 7 |a 20.-21. století  |7 ch462155  |2 czenas 
648 7 |a 21. století  |7 ch460559  |2 czenas 
650 0 7 |a blogerky  |7 ph954050  |z Česko  |y 20.-21. století  |2 czenas 
650 0 7 |a alkoholičky  |7 ph388323  |z Česko  |y 21. století  |2 czenas 
650 0 7 |a alkoholismus  |7 ph118354  |2 czenas 
650 0 7 |a protialkoholní terapie  |7 ph201881  |2 czenas 
650 0 9 |a women bloggers  |z Czechia  |y 20th-21st centuries  |2 eczenas 
650 0 9 |a women alcoholics  |z Czechia  |y 21st century  |2 eczenas 
650 0 9 |a alcoholism  |2 eczenas 
650 0 9 |a alcoholism therapy  |2 eczenas 
655 7 |a české příběhy  |7 fd133973  |2 czenas 
655 7 |a autobiografické příběhy  |7 fd131891  |2 czenas 
655 7 |a blogy  |7 fd376279  |2 czenas 
655 7 |a deníky  |7 fd132006  |2 czenas 
655 9 |a Czech stories  |2 eczenas 
655 9 |a autobiographical stories  |2 eczenas 
655 9 |a blogs  |2 eczenas 
655 9 |a diaries  |2 eczenas 
787 0 8 |i Z cyklu:  |t Zápisník alkoholičky  |g 1 
900 |a ABA001  |b 19 
928 9 |a Albatros Media - Motto 
044 |a xr 
910 |a RBIT002 
998 |d 203359  |a https://core.palmknihy.cz/api/books/203359/cover?sjbz1h  |b https://core.palmknihy.cz/api/books/203359/cover/400?sjbz1h  |c https://core.palmknihy.cz/api/books/203359/cover/50?sjbz1h  |e 2030-12-31  |g 248  |i 9788026717072  |j https://core.palmknihy.cz/api/books/203359/preview.epub  |k https://core.palmknihy.cz/api/books/203359/preview.pdf  |l   |q 49  |r 1  |s https://www.palmknihy.cz/kniha/203359  |t ebook  |y 2020  |z 0 
999 |d 311128